Responses for Show #4051 - Monday, March 25, 2002

Contestants

[<< previous game]

Peter Zuppardo, a grocer from Metairie, Louisiana

Gabrielle Donnald, a social worker from Ellicott City, Maryland

Sage Andersen, a student from Oakland, California (whose 1-day cash winnings total $20,801)

[next game >>]

Jeopardy! Round responses

THE ME DECADE
PETER, PAUL OR MARY
DOUBLE TALK FOOD & DRINK
CHURCH & STATE
(Alex: You have to name the state where you'll find each church.)
FILM COMEDIES
FILE UNDER "T"
    $200 21
Hank Aaron

Peter
    $200 9
Mary Todd Lincoln

Sage
    $200 6
a bonbon

Gabrielle
    $200 26
New York state

Gabrielle
    $200 14
Martin Lawrence

Peter
    $200 1
tuition

Sage
    $400 22
Playgirl

Gabrielle
    $400 10
Pete Sampras

Sage
    $400 7
couscous

Sage
    $400 27
Nevada

Gabrielle
    $400 15
Miss Congeniality

Peter
    $400 2
Taos

Sage
    $600 23
(Sage: What is 1976?)
(Peter: What is 1973?)

1974

SagePeter
Triple Stumper
    $600 11
Peter the Great

Sage
    $600 8
(Gabrielle: What is a poi-poi?)
...
(Alex: [*]. Yes.)
[Laughter]

pupu

GabriellePeter
    $600 28
(Sage: What is Alabama?)
...
(Alex: Where Dr. Martin Luther King preached--in [*].)

Georgia

Sage
Triple Stumper
    $600 16
Deuce Bigalow: Male Gigolo

Peter
    $600 3
a tryst

Sage
    $800 24
the Captain & Tennille

Peter
    $800 12
Mary Worth

Triple Stumper
    $800 18
mahi-mahi

Gabrielle
    $700 29
Minnesota

Gabrielle
    $800 17
Groucho Marx

Gabrielle
    $800 4
the Titans

Sage
    $1000 25
Harry Reasoner

Peter
    $1000 13
Paul Volcker

Peter
    $1000 19
chi-chi

Triple Stumper
    $1000 30
Idaho

Sage
    $1000 20
History of the World, Part I

Gabrielle
    $1000 5
(Peter: What is a tern?)

a thrush

GabriellePeter

Scores at the first commercial break (after clue 15):

Sage Gabrielle Peter
$3,600 $600 $1,200

Scores at the end of the Jeopardy! Round:

Sage Gabrielle Peter
$3,400 $4,900 $3,200

Double Jeopardy! Round responses

TRANSLATORS
COMBINATION PLATE
MUSICOLOGY
COLONIAL TRADE
"A" ROCK
A HARD PLACE
    $400 13
Pasternak

Peter
    $400 6
a lime and a lemon

Sage
    $400 3
a bass

Gabrielle
    $400 5
molasses

Peter
    $400 8
"Angel"

Triple Stumper
    $400 1
(Gabrielle: What is Ireland?)

Scotland

GabriellePeter
    $800 14
(Sage: What are The Canterbury Tales?)

The Arabian Nights

Sage
Triple Stumper
    $800 10
snort

Sage
    $800 4
flat

Gabrielle
    $800 7
cod

Sage
    $800 9
Aerosmith

Peter
    $800 2
China

Gabrielle
    $3,000 27
(Gabrielle: Um... who is Joyce?)

Oscar Wilde

Gabrielle
    $1,200 11
positive & electron

Sage
    $1200 22
(Gabrielle: What are notes?)

key

Gabrielle
Triple Stumper
    $1200 25
(Gabrielle: What is linen?)
...
(Alex: We have less than a minute now, Gabrielle.)

rope

Gabrielle
Triple Stumper
    $1200 17
Bryan Adams

Sage
    $1200 16
Greece

Triple Stumper
    $1600 28
[The end-of-round signal sounds.]

The Rubaiyat of Omar Khayyam

Gabrielle
    $1600 12
Medicare

Peter
    $1600 23
4/4

Sage
    $1600 18
(Gabrielle: What is A-ha?)
(Peter: What is ABBA?)

Ace of Base

SageGabriellePeter
    $1600 20
(Sage: What is the Philippines?)

South Korea

Sage
Triple Stumper
    $2000 15
aileron

Peter
    $2000 24
fortissimo

Gabrielle
    $2000 26
the customhouse

Triple Stumper
    $2000 19
Aaliyah

Sage
    $2000 21
Germany

Triple Stumper

Scores at the end of the Double Jeopardy! Round:

Sage Gabrielle Peter
$10,600 $3,100 $7,200

[wagering suggestions for these scores]

Final Jeopardy! Round responses

1950s FICTION
GabrielleWhat is Das Kapital
$3,100
PeterWhat is
$7,000
SageWhat is Catch-22?
$3,801
Atlas Shrugged

Final scores:

Sage Gabrielle Peter
$6,799 $0 $200
2-day champion: $27,600 3rd place: trip & stay at Peaceful Valley Ranch 2nd place: trip to Aruba & stay at Allegro Resort

Game dynamics:

Coryat scores:

Sage Gabrielle Peter
$10,600 $6,200 $7,200
17 R
(including 1 DD),
4 W
14 R
(including 1 DD),
6 W
(including 1 DD)
14 R,
3 W

Combined Coryat: $24,000

[game clues] [game scores] [suggest correction]

Game tape date: 2001-12-12
The J! Archive is created by fans, for fans. Scraping, republication, monetization, and malicious use prohibited; this site may use cookies and collect identifying information. See terms. The Jeopardy! game show and all elements thereof, including but not limited to copyright and trademark thereto, are the property of Jeopardy Productions, Inc. and are protected under law. This website is not affiliated with, sponsored by, or operated by Jeopardy Productions, Inc. Join the discussion at JBoard.tv.